Préfectures françaises ayant la plus haute altitude - Statistiques

Statistiques générales
  • Ce quiz a été pris 60 fois
  • Le résultat moyen est 13 sur 20
Statistiques - réponses
Altitude Préfecture % Correct
456m Annecy
94%
405m Clermont-Ferrand
94%
281m Chambéry
87%
742m Gap
83%
317m Tarbes
81%
256m Besançon
75%
664m Le Puy-en-Velay
71%
629m Aurillac
69%
395m Foix
69%
613m Digne-les-Bains
67%
329m Epinal
65%
528m Saint-Etienne
63%
262m Lons-le-Saunier
62%
742m Mende
60%
643m Rodez
58%
449m Guéret
52%
310m Privas
52%
366m Belfort
46%
291m Limoges
38%
326m Chaumont
19%
Aucun quiz correspondant
Distribution des résultats
% des personnes avec chaque résultat
Percentile par nombre de réponses
Votre historique - résultats
Vous n’avez pas pris ce quiz